000 00964nac a22002777a 4500
001 BR2013001124
003 BR-BrBNA
005 20240105123950.0
008 230509b bl.|||m| |||| 00| 0 por d
040 _aBR-BrBNA
_bpor
_cBiblioteca Nacional de Agricultura
072 _aF01; F08; L02
090 _aF01 BR2013001124
100 1 _aOliveira, S.P. de
110 1 _aEMBRAPA Agroindústria de Alimentos, Rio de Janeiro, RJ (Brasil)
_93533
245 1 _aOferta e consumo de alimentos orgânicos no município do Rio de Janeiro
260 3 _aRio de Janeiro, RJ (Brasil):
_c2005.
300 _a32 p.
490 _aDocumentos - EMBRAPA Agroindústria de Alimentos (Brazil)
_vno. 62
_xISSN 0103-6068
500 _a28 tables; 6 illus.; 9 ref.
650 _aAGRICULTURA ORGÂNICA
650 _aPRODUÇÃO ORGÂNICA
650 _aCONSUMO ALIMENTAR
650 _aCOMERCIALIZAÇÃO
909 _a202312
_bLúcia Elande
_c55
_dLúcia Elande
942 _2AGRIS
_n0
_cMS
999 _c297758
_d297758